Deti a ich dospelí

Bibliographic Details
Main Author: Šípošová, Iveta (Author)
Format: Article
Language:Slovak
PhysicalDescription:Fotogr.
ISSN:0231-6463
Subjects:

MARC

LEADER 00000nab a2200000 a 4500
001 vtls009490450
003 SK-MaSNL
005 20260304171253.0
008 250507c2009 xo mr|p|||| |000 b|slo
015 |a SNBRB2009/04 
035 |a (uuid)4fe6c78a-0ca8-41c7-9ad0-d65f6f613db9 
035 |a urn:nbn:sk:snk-abc4ou 
035 |a (urnnbn)urn:nbn:sk:snk:ar-001hot 
038 |a SPK 
040 |a SNKBUCL  |b slo  |c SNKBUCL  |e AACR2 
041 0 |a slo 
044 |a xo  |c SK 
072 7 |a 316  |x Sociológia  |2 konspekt 
080 |a 316.356.2  |2 2001 
080 |a 314.622.4  |2 2001 
100 1 |a Šípošová, Iveta  |4 aut  |9 1064537 
245 1 0 |a Deti a ich dospelí  |c Iveta Šípošová 
300 |b Fotogr. 
650 0 7 |a rodina  |2 snkbucl  |9 4138 
650 0 7 |a neúplná rodina  |2 snkbucl  |9 4141 
650 0 7 |a deti  |2 snkbucl  |9 773 
650 0 7 |a ženy  |2 snkbucl  |9 4865 
773 0 |t Rodina a škola  |g Roč. 57, č. 2 (2009), s. 10  |x 0231-6463 
850 |a Slovenská národná knižnica 
852 |a Slovenská národná knižnica 
954 |a odborná, vedecká literatúra pôvodná (slovenská)  |2 lita 
958 |a article15 
958 |a OND 
958 |a EUIPO 
999 |c 2992449  |d 2994379